Práca nadčas

Právna úprava práce nadčas. Rozsah práce nadčas z časového hľadiska. Zákaz práce nadčas. Odmeňovanie zamestnanca za prácu nadčas.

Guardado en:
Detalles Bibliográficos
Autor principal: Tomiová, Sandra
Formato: Capítulo de libro
Lenguaje:eslovaco
Materias:
Etiquetas: Agregar Etiqueta
Sin Etiquetas, Sea el primero en etiquetar este registro!

MARC

LEADER 00000naa$a2200000$$$4500
001 0115257
005 20231120112935.6
041 0 |a slo 
044 |a SK 
245 1 0 |a Práca nadčas  |c Sandra Mrukviová Tomiová 
520 |a Právna úprava práce nadčas. Rozsah práce nadčas z časového hľadiska. Zákaz práce nadčas. Odmeňovanie zamestnanca za prácu nadčas. 
610 2 0 |a práca nadčasová 
610 2 0 |a úpravy právne 
610 2 0 |a odmeňovanie 
100 1 |a Tomiová, Sandra